Las inmaculadas de Murillo

-д хадгалсан:
Номзүйн дэлгэрэнгүй
Үндсэн зохиолч: Abbad Ríos, Francisco (Зохиогч)
Формат: Ном
Хэл сонгох:испани
Хэвлэсэн: Barcelona Juventud 1948
Хэвлэл:1a. ed
Цуврал:Obras Maestras del Arte Español, 8
Нөхцлүүд:
Шошгууд: Шошго нэмэх
Шошго байхгүй, Энэхүү баримтыг шошголох эхний хүн болох!

MARC

LEADER 00000cam a2200000 a 4500
001 UCZ0277
003 CL-VaPUC
008 950728e19480000SP |||||||||||||||||spa|d
082 0 4 |a 759.6  |b ABB  |2 21 
100 0 |a Abbad Ríos, Francisco  |e author  |9 342992 
245 1 4 |a Las inmaculadas de Murillo 
250 |a 1a. ed 
300 |a 27 p 
942 |c BK 
945 |d 19950728 00:00:00  |a awong 
260 |a Barcelona  |b Juventud  |c 1948 
500 |a Contiene 24 láminas 
600 0 7 |a MURILLO, BARTOLOME ESTEBAN  |2 CL-VaPUC  |9 342993 
650 0 |a Pintura española   |9 315217 
650 0 |a Pintores españoles  |9 315216 
583 |a last modification  |c 20140110 03:54:25  |k Rodrigo Vera 
490 0 |a Obras Maestras del Arte Español, 8 
999 |c 237232  |d 237230 
952 |0 0  |1 0  |4 0  |6 759_600000000000000_ABB_1948  |7 0  |8 R  |9 246107  |a BIBART  |b BIBART  |d 2019-11-18  |i 310771K  |o 759.6 ABB 1948  |p 310771K  |r 2025-03-13  |w 2019-11-18  |y BK_R  |k ART 
952 |0 0  |1 0  |3 erd  |4 0  |6 759_600000000000000_ABB_1948  |7 0  |8 R  |9 246108  |a BIBART  |b BIBART  |i 5003695  |o 759.6 ABB 1948  |p 5003695  |r 2025-03-13  |w 2019-11-18  |y BK_R  |z Catalogado en:20140116  |k ART